Greek cities in Civilization 6 Map Quiz - Statistics

General Stats
  • This quiz has been taken 10 times
  • The average score is 11 of 34
Answers on the Map
Answers color-coded by a green-red scale on the quiz's map according to % correct below.
 
Answer Stats
Answer % Correct
Athens
100%
Rhodes
100%
Sparta
100%
Corinth
89%
Syracuse
89%
Delphi
78%
Patras
67%
Knossos
56%
Larissa
56%
Olympia
44%
Argos
33%
Marathon
33%
Naxos
33%
Samos
33%
Chalkis
22%
Ephesus
22%
Mycenae
22%
Chios
11%
Eretria
11%
Miletos
11%
Mytilene
11%
Nafplion
11%
Pergamon
11%
Pylos
11%
Apolyton
0%
Gortyn
0%
Lamia
0%
Megara
0%
Paros
0%
Pharsalos
0%
Phocaea
0%
Sicyon
0%
Tegea
0%
Tiryns
0%
No matching quizzes found
Score Distribution
Percent of People with Each Score
Percentile by Number Answered
Your Score History
You have not taken this quiz